Konkrétna podpora nových firiem
Zriadenie nového technologického inkubátora pri Slovenskej technickej univerzite (STU) v Bratislave. Finančná podpora pri vzniku inkubátora. Kancelárske priestory pre podnikateľov za výhodnejšie ako trhové ceny. Hlavné poslanie inkubátora. Pomoc aj pri získavaní finančných prostriedkov.
Guardado en:
| Autor principal: | |
|---|---|
| Formato: | Capítulo de libro |
| Lenguaje: | eslovaco |
| Materias: | |
| Etiquetas: |
Sin Etiquetas, Sea el primero en etiquetar este registro!
|
MARC
| LEADER | 00000naa$a2200000$$$4500 | ||
|---|---|---|---|
| 001 | 0037406 | ||
| 005 | 20231004131020.2 | ||
| 041 | 0 | |a slo | |
| 044 | |a SK | ||
| 245 | 1 | 0 | |a Konkrétna podpora nových firiem |c Vojtech Gossányi |
| 520 | |a Zriadenie nového technologického inkubátora pri Slovenskej technickej univerzite (STU) v Bratislave. Finančná podpora pri vzniku inkubátora. Kancelárske priestory pre podnikateľov za výhodnejšie ako trhové ceny. Hlavné poslanie inkubátora. Pomoc aj pri získavaní finančných prostriedkov. | ||
| 610 | 2 | 0 | |a inkubátory podnikateľské |
| 610 | 2 | 0 | |a podnikanie |
| 610 | 2 | 0 | |a zámery podnikateľské |
| 610 | 2 | 0 | |a financovanie |
| 610 | 2 | 0 | |a zdroje finančné |
| 610 | 2 | 0 | |a prenájom |
| 610 | 2 | 0 | |a univerzity |
| 100 | 1 | |a Gossányi, Vojtech | |